| 000 | 01155nam a2200277Ia 4500 | ||
|---|---|---|---|
| 003 | OSt | ||
| 005 | 20221005105911.0 | ||
| 006 | a|||||r|||| 00| 0 | ||
| 007 | ta | ||
| 008 | ORI | ||
| 020 |
_a81720153005 (pbk) _c200 |
||
| 024 | _a92057 | ||
| 037 |
_b543, 19/03/2009, Vani Prakashan _cTextual |
||
| 040 |
_aCRL _cCRL _bORI |
||
| 041 |
_2ORI _aORI |
||
| 082 | _aO1591,1N36x, 152N3 | ||
| 100 | _aदास, जगन्नाथ प्रसाद | ||
| 245 | 0 | _aआÐिक | |
| 246 | _aĀÐika | ||
| 260 |
_aनई दिल्ली _bसाहित्य अकादेमी भारत _c1993 |
||
| 300 |
_a74पृ0 _ccm. |
||
| 490 | _aसाहित्य अकादेमी द्वारा पुरस्कृत ओड़िया कविता - संकलन | ||
| 700 |
_a मिश्र, राजेन्द्र प्रसाद, अनु. _9623990 |
||
| 942 |
_hO1591,1N36x, 152N3 _cTEXL _2cc |
||
| 999 |
_c1017235 _d1017235 |
||